000 01313cam a2200397Ia 4500
001 46539
005 20230410142318.0
008 020603s2002 sp ab b 001 0 spa d
035 _a(OCoLC)ocm49943791
040 _aPL#
_cPL#
_dSAP
_dBAKER
020 _a8483233010 (pbk.)
020 _a9788483233016 (pbk.)
035 _a(OCoLC)49943791
041 1 _aspa
_heng
050 1 4 _aBP 161.2
_bW141i 2002
082 0 0 _a297
049 _aGRAL
100 1 _aWaines, David.
245 1 3 _aEl Islam /
_cDavid Waines ; revisión de la traducción y edición española a cargo de Maribel Fierro ; traducción de Consuelo Pérez-Benítez.
250 _a2a ed.
260 _a[Madrid] :
_bCambridge University Press,
_c2002.
300 _a388 p. :
_bill., maps ;
_c22 cm.
440 0 _aReligiones y mitos
500 _aTítulo original: An introduction to Islam.
504 _aIncludes bibliography (p. 343-354) and index.
650 0 _aIslam.
650 7 _aIslamismo.
_2bidex
653 _aIslam
_aHistoria.
700 1 _aFierro, Maribel,
_eed. lit.
700 1 _aPérez-Benítez, Consuelo,
_etrad.
938 _aPuvill Libros
_bPUVL
_n8483233010
_c$22.65
938 _aBaker & Taylor
_bBKTY
_c21.00
_d25.95
_i8483233010
_n0004149520
_sactive
942 _2lcc
_cbk
994 _aC0
_bDRFGD
946 _aLspaulino
999 _c93317
_d93317